00403 2200169 4500001002100000005001500021035002000036245003600056100000900092300001400101260004400115082000800159084001400167020001800181600000800199990002600207INLIS00000000000091220260326030715 a0010-03260000231 aRumah Untuk Alie /cAlie Ishala0 aAlie a262 ;c20 aJakarta :bTekad Media cakrawala,c2025 a813 a813 ALI r a978623097961304aali a2025/SMKMIRI/3129/001